000 01070nam a22002417a 4500
005 20090119143636.0
008 090119t xxu||||| |||| 00| 1 eng d
020 _c25.00
035 _aB-357781
037 _bTarun Books
040 _adpl
_bEnglish
082 _aS
100 _aPradhan, Vidya
110 _aillustrated by Saurabh Pandey
245 _aThe milkman's cow /
_cby Vidya Pradhan; illustrated by Saurabh Pandey
260 _aNew Delhi
_bChildren Book Trust
_c2009 (repr.)
270 _aNehru House, 4 Bahadur Shah Zafar Marg
_bNew Delhi
_e110002
_k23316970-74
_l23721090
_mcbtnd@vsnl.com
300 _a24p.
_c18cm. (pbk)
_bcol. ill.
700 _aPandey, Saurabh
942 _2ddc
_cCH
_hS
_mPRA
999 _c30473
_d30473